Англо-русский политический словарь: В 2-х томах
| Main Author: | |
|---|---|
| Language: | Russian |
| Published: |
Киев, Альтерпрес, 2000-
|
| Format: | Book |
| KOHA link: | https://koha.lib.tpu.ru/cgi-bin/koha/opac-detail.pl?biblionumber=52214 |
MARC
| LEADER | 00000nam1a2200000 4500 | ||
|---|---|---|---|
| 001 | 52214 | ||
| 005 | 20231031041311.0 | ||
| 010 | |a 9665421417 | ||
| 035 | |a (RuTPU)RU\TPU\book\54691 | ||
| 090 | |a 52214 | ||
| 100 | |a 20030526d2000 m y0rusy50 ca | ||
| 101 | 0 | |a rus | |
| 102 | |a UA |a RU | ||
| 200 | 1 | |a Англо-русский политический словарь |e В 2-х томах |f А. Крамаревский | |
| 210 | |a Киев |a Москва |c Альтерпрес |c Антэя 2000 |d 2000- | ||
| 700 | 1 | |a Крамаревский |b А. |g Александр | |
| 801 | 1 | |a RU |b 63413507 |c 20030526 |g PSBO | |
| 801 | 2 | |a RU |b 63413507 |c 20030526 |g PSBO | |
| 942 | |c BK | ||